Mixtures and mineral reactions /

Bibliographic Details
Main Author: Ganguly, J.
Other Authors: Saxena, Surendra, 1936-
Format: Book
Language:English
Published: Berlin ; New York : Springer-Verlag, [1987]
Series:Minerals and rocks ; 19.
Subjects:

MARC

Tag First Indicator Second Indicator Subfields
LEADER 00000cam a22000008a 4500
001 in00000007649
005 20151006060007.0
008 870722s1987 wb a b 00110 eng
010 |a  87020654  
020 |a 0387176675 (U.S.) 
035 |a (OCoLC)16404135 
035 |9 AAA2146AM 
040 |a DLC  |c DLC  |d TXA  |d UtOrBLW 
049 |a TXAM  |c [A12636741] 
050 0 0 |a QE371  |b .G36 1987 
100 1 |a Ganguly, J. 
245 1 0 |a Mixtures and mineral reactions /  |c J. Ganguly, S. K. Saxena. 
264 1 |a Berlin ;  |a New York :  |b Springer-Verlag,  |c [1987] 
264 4 |c ©1987 
300 |a xii, 291 pages :  |b illustrations 
336 |a text  |b txt  |2 rdacontent 
337 |a unmediated  |b n  |2 rdamedia 
338 |a volume  |b nc  |2 rdacarrier 
490 1 |a Minerals and rocks ;  |v 19 
504 |a Bibliography: pages [267]-286. 
500 |a Includes index. 
650 0 |a Mineralogical chemistry. 
650 0 |a Mixtures. 
700 1 |a Saxena, Surendra,  |d 1936- 
830 0 |a Minerals and rocks ;  |v 19. 
999 |a MARS 
999 f f |s f81f018f-8a91-32b5-b1f9-c5873970825c  |i bc6cc008-a49a-30d5-b002-fab0554f4d58  |t 0 
952 f f |p ric  |a Texas A&M University  |b Rellis Campus  |c Joint Library Facility  |d Remote Storage  |t 0  |e QE371 G36 1987  |h Library of Congress classification  |i unmediated -- volume  |m A14812636741 
998 f f |a QE371 G36 1987  |t 0  |l Remote Storage